000
00269nam a2200109Ia 4500
008
200302s9999 xx 000 0 und d
100
_a
Janelle Mcculloch
245
_a
Dream Hotels architectural hideaways
260
_b
Image pablishing
260
_c
2008
300
_a
248
999
_c
3342
_d
3342